[Event "ICS rated blitz match"]
[Site "204.178.125.65"]
[Date "2001.08.19"]
[Round "?"]
[White "perucho"]
[Black "Hossa"]
[Result "1-0"]
[WhiteElo "2891"]
[BlackElo "2491"]
[PlyCount "65"]
[EventDate "2001.??.??"]

1. d4 Nf6 2. c4 e6 3. Nf3 b6 4. g3 Ba6 5. Qa4 Be7 6. Nc3 O-O 7. Bg2 d6 8. O-O
c6 9. Bf4 Nh5 10. Be3 f5 11. d5 f4 12. Bd2 fxg3 13. hxg3 exd5 14. cxd5 c5 15.
Qg4 Nf6 16. Qe6+ Kh8 17. Ng5 Qe8 18. Qh3 Qg6 19. Ne6 Rc8 20. Nf4 Qf7 21. g4
Nfd7 22. Ng6+ Kg8 23. Nxe7+ Qxe7 24. g5 Nf8 25. Be4 Re8 26. Kg2 Bc8 27. Qh2 g6
28. Bf3 Rd8 29. Ne4 Ba6 30. Nf6+ Kf7 31. Bc3 Bxe2 32. Rfe1 Bxf3+ 33. Kxf3 {
Hossa resigns} 1-0

[Event "ICS rated blitz match"]
[Site "204.178.125.65"]
[Date "2001.08.19"]
[Round "?"]
[White "Hossa"]
[Black "perucho"]
[Result "0-1"]
[WhiteElo "2488"]
[BlackElo "2894"]
[PlyCount "104"]
[EventDate "2001.??.??"]

1. Nf3 d5 2. c4 dxc4 3. e3 Nf6 4. Bxc4 e6 5. Nc3 c5 6. O-O a6 7. d4 b5 8. Be2
Bb7 9. Bd2 Nc6 10. dxc5 Bxc5 11. Ng5 Ne5 12. Qc2 Rc8 13. Rad1 Bb6 14. f4 Nc4
15. Bxc4 Rxc4 16. a3 h6 17. Bc1 Qc7 18. Nh3 Ne4 19. Rd3 O-O 20. Bd2 Nxc3 21.
Rxc3 Rxc3 22. bxc3 Qc6 23. Rf2 Rd8 24. Kh1 Qc5 25. Qb2 Qc4 26. Ng1 Rd3 27. Qc1
Qb3 28. Re2 Bc5 29. e4 Bxa3 30. Qe1 a5 31. Nf3 Bd6 32. f5 exf5 33. Nd4 Qc4 34.
Nxf5 Bc5 35. Ng3 a4 36. Nh5 a3 37. Nf4 a2 38. h3 Rd6 39. e5 Ra6 40. Qa1 g5 41.
e6 gxf4 42. Re1 Qd5 43. Re2 f3 44. exf7+ Qxf7 45. Re3 fxg2+ 46. Kg1 Rd6 47.
Qxa2 Bxe3+ 48. Bxe3 Rd1+ 49. Kh2 g1=Q+ 50. Bxg1 Qxa2+ 51. Kg3 Qg2+ 52. Kh4 Qg5#
{Hossa checkmated} 0-1

[Event "ICS rated blitz match"]
[Site "204.178.125.65"]
[Date "2001.08.19"]
[Round "?"]
[White "Hossa"]
[Black "Tinker"]
[Result "1-0"]
[WhiteElo "2492"]
[BlackElo "2459"]
[PlyCount "179"]
[EventDate "2001.??.??"]

1. d4 Nf6 2. c4 e6 3. Nc3 Bb4 4. e3 c5 5. Nge2 cxd4 6. exd4 d5 7. a3 Be7 8.
cxd5 Nxd5 9. Nxd5 exd5 10. Nf4 O-O 11. Bd3 Nc6 12. O-O Bd6 13. Re1 Qh4 14. g3
Qg4 15. f3 Qd7 16. Kh1 Kh8 17. Bc2 Bxf4 18. Bxf4 Qh3 19. Rc1 Bd7 20. Bb3 Be6
21. Rc5 Rfd8 22. Qd2 Rac8 23. Ba4 Qh5 24. g4 Qh3 25. Rc3 Na5 26. Bb5 Rxc3 27.
Qxc3 Nc4 28. Bg5 Rc8 29. Bxc4 dxc4 30. Kg1 Bd5 31. Re3 f6 32. Bf4 f5 33. gxf5
Qxf5 34. Re5 Qf7 35. Rg5 h6 36. Rg4 Be6 37. Rg3 Qxf4 38. d5 Qxg3+ 39. hxg3 Bxd5
40. Kf2 Rf8 41. f4 a6 42. Qe5 Bg8 43. Qe7 Rf7 44. Qb4 b5 45. Qd6 Rf6 46. Qd8
Kh7 47. Kf3 Bf7 48. Qd7 Kg6 49. Qb7 Be8 50. Qc8 Kf7 51. g4 Rd6 52. Qc7+ Rd7 53.
Qe5 Rd3+ 54. Kf2 Bd7 55. f5 a5 56. Ke1 a4 57. Kf2 Rd2+ 58. Ke3 Rd3+ 59. Kf4 Rd1
60. Qc7 g6 61. Qa7 gxf5 62. gxf5 Rd5 63. Ke4 Rd6 64. Qc7 Rd1 65. Qb6 Re1+ 66.
Kd5 Rd1+ 67. Kc5 Bxf5 68. Qxh6 Rf1 69. Qh5+ Kf6 70. Qh8+ Kf7 71. Kxb5 Bd7+ 72.
Kxc4 Be6+ 73. Kd4 Rd1+ 74. Kc3 Bb3 75. Qe5 Rc1+ 76. Kb4 Rc2 77. Qf5+ Ke7 78.
Ka5 Kd6 79. Kb5 Ke7 80. Qe5+ Kf7 81. Kb6 Rf2 82. Qh5+ Kg7 83. Ka5 Rc2 84. Qf5
Kh6 85. Qf6+ Kh5 86. Qg7 Rd2 87. Qe5+ Kg4 88. Qe4+ Kg5 89. Qe3+ Kg4 90. Qxd2 {
Tinker resigns} 1-0

[Event "ICS rated blitz match"]
[Site "204.178.125.65"]
[Date "2001.08.19"]
[Round "?"]
[White "Tinker"]
[Black "Hossa"]
[Result "1-0"]
[WhiteElo "2445"]
[BlackElo "2506"]
[PlyCount "217"]
[EventDate "2001.??.??"]

1. e4 c5 2. Nf3 d6 3. d4 cxd4 4. Nxd4 e5 5. Bb5+ Bd7 6. Bxd7+ Qxd7 7. Nb3 Nf6
8. Nc3 Be7 9. O-O a5 10. Bg5 a4 11. Nd2 a3 12. bxa3 Rxa3 13. Nb3 O-O 14. Re1
Rc8 15. Qf3 Nc6 16. Nb5 Ra6 17. c4 Na7 18. Nxa7 Rxa7 19. Nd2 Bd8 20. a3 Ng4 21.
Bxd8 Rxd8 22. Nf1 Rc8 23. h3 Nf6 24. Ne3 Rc5 25. Red1 Ra6 26. Rd3 Qc6 27. Rb1
Kf8 28. Nd5 Nxd5 29. cxd5 Qc7 30. Rdb3 Ra7 31. Qe3 Qd7 32. Rc3 Raa5 33. Rbc1 b6
34. Rb3 Rxc1+ 35. Qxc1 Rc5 36. Qf1 b5 37. Kh2 f5 38. Rf3 g6 39. Qd3 f4 40. Qe2
h5 41. Rb3 h4 42. Qd1 Kg7 43. Qe1 Kf6 44. Qa5 g5 45. Qe1 Rc2 46. Kg1 Qc7 47.
Qb4 Qb6 48. Rf3 Rc4 49. Qe1 Qc5 50. Qa5 Ke7 51. Qa8 Rxe4 52. Qg8 Re1+ 53. Kh2
Kd7 54. Qxg5 Qxd5 55. Rxf4 Qc5 56. Qg4+ Kc7 57. Rf7+ Kc6 58. a4 bxa4 59. Qxa4+
Kd5 60. Qxh4 Qc1 61. Rf6 Rh1+ 62. Kg3 Qc3+ 63. Rf3 Qc2 64. Qg4 Rf1 65. Qg8+ Kd4
66. Qe6 Qc6 67. Rb3 Rg1 68. Qg4+ e4 69. Qg7+ Kd5 70. Rb4 Qa8 71. Qd4+ Ke6 72.
Qxe4+ Qxe4 73. Rxe4+ Kd7 74. f4 d5 75. Re2 Rf1 76. Kg4 Rc1 77. f5 Rc4+ 78. Kg5
d4 79. Re4 Kc6 80. f6 Kd5 81. f7 Kxe4 82. f8=Q Rc3 83. Qf5+ Ke3 84. g4 d3 85.
Qe6+ Kd2 86. h4 Rc1 87. h5 Re1 88. Qa2+ Ke3 89. Qe6+ Kd2 90. Qf5 Re8 91. h6
Rg8+ 92. Kh5 Kc2 93. g5 Kb2 94. g6 d2 95. Qe5+ Kc2 96. Qe4+ Kc3 97. Qf3+ Kc2
98. Qf5+ Kb2 99. Qd3 d1=R 100. Qxd1 Kc3 101. Kg5 Kc4 102. Qa1 Kc5 103. Qg7 Kc4
104. Qxg8+ Kd4 105. Qd5+ Kc3 106. h7 Kc2 107. h8=Q Kb1 108. Qb3+ Kc1 109. Qhc3#
{Hossa checkmated} 1-0

[Event "ICS Rated blitz match"]
[Site "204.178.125.65"]
[Date "2001.08.19"]
[Round "?"]
[White "golch"]
[Black "Hossa"]
[Result "0-1"]
[WhiteElo "2304"]
[BlackElo "2512"]
[PlyCount "90"]
[EventDate "2001.??.??"]

1. Nf3 d5 2. e3 Nc6 3. Be2 e5 4. Bb5 Bg4 5. h3 Bxf3 6. Bxc6+ bxc6 7. Qxf3 e4 8.
Qg4 Nf6 9. Qg5 Bd6 10. Qxg7 Rg8 11. Qh6 Rxg2 12. Nc3 Rg6 13. Qh4 Qd7 14. d3 Qf5
15. dxe4 Qf3 16. Rf1 dxe4 17. Ne2 Be5 18. c3 Nh5 19. Nd4 Bxd4 20. cxd4 Rg2 21.
Bd2 Ng3 22. Qxg3 Rxg3 23. fxg3 Qxg3+ 24. Kd1 Qxh3 25. Kc2 Qe6 26. Kb1 c5 27.
dxc5 Rd8 28. Rf2 Qe5 29. Bc1 Qxc5 30. Rc2 Qe5 31. a4 h5 32. Ra3 Rd3 33. Rcc3
Rxc3 34. Rxc3 Qxc3 35. bxc3 h4 36. Ba3 h3 37. Bc5 a5 38. Bd4 h2 39. Be5 h1=Q+
40. Kc2 c5 41. Bc7 Qa1 42. Kb3 Kd7 43. Bb6 Qb1+ 44. Ka3 c4 45. Bxa5 Qb3# {
golch checkmated} 0-1

[Event "ICS rated blitz match"]
[Site "204.178.125.65"]
[Date "2001.08.19"]
[Round "?"]
[White "Hossa"]
[Black "Tinker"]
[Result "1-0"]
[WhiteElo "2510"]
[BlackElo "2464"]
[PlyCount "73"]
[EventDate "2001.??.??"]

1. d4 d5 2. c4 dxc4 3. e4 Nf6 4. e5 Nd5 5. Bxc4 Nb6 6. Bb3 Bf5 7. Ne2 Nc6 8.
O-O e6 9. Be3 Na5 10. Bc2 Bxc2 11. Qxc2 Bb4 12. Nbc3 Nac4 13. Qe4 Nxe3 14. fxe3
Qg5 15. Qxb7 O-O 16. Rf3 Rfc8 17. Raf1 Qe7 18. Rxf7 Qxf7 19. Rxf7 Kxf7 20. Qf3+
Kg8 21. Ne4 Rf8 22. Qg4 Be7 23. Nf4 Rf7 24. Nxe6 Nd5 25. Ng3 Rb8 26. Nf5 Kh8
27. e4 Rxb2 28. exd5 Rb1+ 29. Kf2 g6 30. Nxc7 Bb4 31. d6 Rb2+ 32. Ke3 Rxf5 33.
Ne6 Rxa2 34. Qe4 Ra3+ 35. Ke2 Ra2+ 36. Kd3 Ra3+ 37. Kc4 {Tinker resigns} 1-0

[Event "ICS rated blitz match"]
[Site "204.178.125.65"]
[Date "2001.08.19"]
[Round "?"]
[White "Tinker"]
[Black "Hossa"]
[Result "1-0"]
[WhiteElo "2450"]
[BlackElo "2524"]
[PlyCount "131"]
[EventDate "2001.??.??"]

1. e4 c5 2. Nf3 d6 3. d4 cxd4 4. Nxd4 e5 5. Bb5+ Bd7 6. Bxd7+ Qxd7 7. Nb3 Nf6
8. Nc3 Be7 9. O-O a5 10. Bg5 a4 11. Nd2 O-O 12. a3 Rc8 13. Nf3 Qc6 14. Nh4 g6
15. Qf3 Kg7 16. Qh3 Ng8 17. Bxe7 Nxe7 18. Rad1 Ra6 19. Nf3 Qd7 20. Qg3 f6 21.
Rd3 Rb6 22. Rb1 Na6 23. Rdd1 Nc5 24. Nh4 Rbc6 25. f4 exf4 26. Qxf4 g5 27. Qg3
Kh8 28. Nf3 Ra6 29. Nd4 Nc6 30. Qf2 Qd8 31. Nd5 Nxd4 32. Rxd4 Ne6 33. Rb4 Rac6
34. c3 Nc5 35. Rd4 Ra6 36. Nxf6 Qe7 37. Rd5 Rf8 38. Rf5 Nd3 39. Qf3 Ne5 40. Qh3
Ng6 41. Rbf1 Nf4 42. Qg4 Raa8 43. Qxg5 Nh3+ 44. gxh3 Rg8 45. Qxg8+ Rxg8+ 46.
Nxg8 Kxg8 47. R1f4 h6 48. h4 b6 49. Kf2 Qe6 50. Ke3 Kh7 51. h5 Kg7 52. Rg4+ Kh7
53. Rg6 Qd7 54. h4 Qc7 55. Rgf6 Kg7 56. Rg6+ Kh7 57. Rd5 Qc8 58. Ke2 Qc4+ 59.
Ke3 Qc8 60. Kd4 Qc7 61. Rf6 Qg7 62. Rdf5 Qg1+ 63. Kc4 Qb1 64. Rf7+ Kg8 65. Rf8+
Kh7 66. R5f7# {Hossa checkmated} 1-0

[Event "ICS rated blitz match"]
[Site "204.178.125.65"]
[Date "2001.08.19"]
[Round "?"]
[White "Hossa"]
[Black "Kuusaa"]
[Result "1-0"]
[WhiteElo "2560"]
[BlackElo "2034"]
[PlyCount "129"]
[EventDate "2001.??.??"]

1. e4 d5 2. exd5 Qxd5 3. Nf3 Qd8 4. Bc4 e6 5. O-O Nf6 6. d4 c6 7. Nc3 b5 8. Bd3
Be7 9. Ne5 Bb7 10. a4 b4 11. Ne4 Nbd7 12. Nxd7 Qxd7 13. Nxf6+ Bxf6 14. c3 bxc3
15. bxc3 O-O 16. a5 a6 17. Rb1 c5 18. Qh5 g6 19. Qxc5 Rfc8 20. Qb4 Bc6 21. Re1
Be7 22. Qb3 Ba4 23. Qb2 Rab8 24. Qxb8 Rxb8 25. Rxb8+ Kg7 26. Rb6 Qa7 27. Bf4
Bb5 28. Bxb5 axb5 29. Rxb5 Qa6 30. c4 h6 31. Rc1 g5 32. Be5+ f6 33. Bg3 Kg6 34.
f3 Qa7 35. Bf2 h5 36. Ra1 g4 37. a6 Qa8 38. Rb7 Bd6 39. a7 Qxb7 40. a8=Q Qxa8
41. Rxa8 gxf3 42. Ra6 Bf4 43. Rxe6 Kf5 44. Re8 fxg2 45. Kxg2 h4 46. Bxh4 Bh6
47. c5 Bf4 48. Bg3 Bxg3 49. hxg3 Kg4 50. c6 f5 51. Rg8+ Kh5 52. g4+ fxg4 53. d5
Kh4 54. Rxg4+ Kxg4 55. d6 Kf4 56. c7 Ke3 57. d7 Ke4 58. Kg3 Ke3 59. Kg4 Ke4 60.
Kg5 Ke3 61. c8=R Ke4 62. d8=Q Ke5 63. Rc7 Ke4 64. Rc3 Ke5 65. Re3# {
Kuusaa checkmated} 1-0

[Event "ICS rated blitz match"]
[Site "204.178.125.65"]
[Date "2001.08.19"]
[Round "?"]
[White "Kuusaa"]
[Black "Hossa"]
[Result "0-1"]
[WhiteElo "2033"]
[BlackElo "2561"]
[PlyCount "66"]
[EventDate "2001.??.??"]

1. e4 c5 2. Nf3 d6 3. d4 cxd4 4. Nxd4 e5 5. Nb3 Nf6 6. Nc3 Be7 7. Bg5 O-O 8.
Bc4 Be6 9. Bxf6 Bxf6 10. Bd5 Nc6 11. O-O Qd7 12. Nd2 Rac8 13. Nc4 Nd4 14. Ne3
Bg5 15. Qc1 Rxc3 16. bxc3 Ne2+ 17. Kh1 Nxc1 18. Raxc1 Bxe3 19. fxe3 Bxd5 20.
exd5 Rc8 21. e4 Rxc3 22. h3 Qa4 23. Rce1 Rxc2 24. Re3 Qxa2 25. Rg3 Qc4 26. Rff3
Qxe4 27. Rg4 Qxd5 28. Rfg3 g6 29. Rf3 Qd1+ 30. Kh2 Qxf3 31. Rg3 Qf4 32. h4 Rc3
33. Kh3 Qxg3# {Kuusaa checkmated} 0-1

[Event "ICS rated blitz match"]
[Site "204.178.125.65"]
[Date "2001.08.19"]
[Round "?"]
[White "Hossa"]
[Black "thl1"]
[Result "1-0"]
[WhiteElo "2562"]
[BlackElo "2198"]
[PlyCount "109"]
[EventDate "2001.??.??"]

1. d4 Nf6 2. c4 g6 3. g3 Bg7 4. Bg2 O-O 5. Nc3 d6 6. Nf3 Nc6 7. O-O Bg4 8. Bg5
Nd7 9. Nd5 h6 10. Be3 e6 11. Nc3 Na5 12. b3 Bxf3 13. Bxf3 c5 14. Nb5 Qe7 15.
Qd2 Nc6 16. Bxh6 Bxh6 17. Qxh6 a6 18. Nc7 Rac8 19. Bxc6 bxc6 20. Nxa6 Ra8 21.
dxc5 Rxa6 22. cxd6 Qxd6 23. Rad1 Qe7 24. Rd4 g5 25. Rd2 Ne5 26. Rfd1 Ra7 27. h4
gxh4 28. gxh4 f5 29. a4 Qg7+ 30. Qg5 Qxg5+ 31. hxg5 c5 32. f4 Ng4 33. Rd6 Ne3
34. R1d3 Nc2 35. Rxe6 Nb4 36. Rg6+ Kh7 37. Rh6+ Kg7 38. Rdh3 Rg8 39. Rh7+ Kf8
40. Rxa7 Nc6 41. Rc7 Ne7 42. Rh7 Rg7 43. Rxg7 Kxg7 44. Rxe7+ Kg6 45. Re6+ Kh5
46. Rh6+ Kg4 47. g6 Kxf4 48. g7 Ke3 49. a5 Kd4 50. g8=Q Kc3 51. Qg3+ Kb4 52.
Rb6+ Ka3 53. b4+ Ka4 54. bxc5 Kxa5 55. Qa3# {thl1 checkmated} 1-0

[Event "ICS rated blitz match"]
[Site "204.178.125.65"]
[Date "2001.08.19"]
[Round "?"]
[White "thl1"]
[Black "Hossa"]
[Result "0-1"]
[WhiteElo "2194"]
[BlackElo "2566"]
[PlyCount "46"]
[EventDate "2001.??.??"]

1. d4 Nf6 2. c4 e6 3. Nc3 Bb4 4. f3 d5 5. a3 Bxc3+ 6. bxc3 c5 7. cxd5 Nxd5 8.
dxc5 Qa5 9. e4 Nf6 10. Qb3 Qxc5 11. Qb5+ Nbd7 12. Qxc5 Nxc5 13. Be3 b6 14. Bb5+
Bd7 15. Be2 Rc8 16. Nh3 Nb3 17. Rb1 Rxc3 18. Bg5 Nd4 19. Ba6 Rxa3 20. Bb7 Ra2
21. O-O e5 22. Bxf6 gxf6 23. Nf2 Rg8 {thl1 resigns} 0-1

[Event "ICS rated bullet match"]
[Site "204.178.125.65"]
[Date "2001.08.19"]
[Round "?"]
[White "Tinker"]
[Black "Hossa"]
[Result "1/2-1/2"]
[WhiteElo "2553"]
[BlackElo "2413"]
[PlyCount "128"]
[EventDate "2001.??.??"]

1. e4 c5 2. Nf3 d6 3. d4 cxd4 4. Nxd4 e5 5. Bb5+ Bd7 6. Bxd7+ Qxd7 7. Nb3 Be7
8. Qf3 Nf6 9. O-O O-O 10. h3 d5 11. Rd1 Nxe4 12. c4 f5 13. cxd5 Rc8 14. Be3 Rc2
15. Na3 Bxa3 16. bxa3 Nc3 17. Rd2 Rxd2 18. Bxd2 Nxd5 19. Rd1 Nc6 20. Bh6 Nce7
21. Bg5 e4 22. Qg3 Ng6 23. Nc5 Qf7 24. Qb3 Ngf4 25. Bxf4 Nxf4 26. Nxb7 Kf8 27.
Qxf7+ Kxf7 28. Rd7+ Kf6 29. Nc5 Ne2+ 30. Kf1 Nc3 31. g4 fxg4 32. hxg4 Rc8 33.
Na6 Rc4 34. Nc7 Ra4 35. Ne8+ Ke5 36. Rxg7 Rxa3 37. Rxh7 Rxa2 38. Rh5+ Kd4 39.
Nc7 a5 40. Ne6+ Kc4 41. g5 Kd5 42. Nc7+ Kc6 43. Rh7 Ra1+ 44. Kg2 Ne2 45. Ne6
Kd6 46. Nd8 Rg1+ 47. Kh2 a4 48. Rh6+ Kd7 49. Ne6 a3 50. Nc5+ Ke8 51. Re6+ Kf7
52. Rxe4 Rxg5 53. Rxe2 Rxc5 54. Kg3 Ra5 55. Ra2 Ke6 56. Kg4 Kd5 57. f4 Kc4 58.
f5 Kb3 59. Ra1 a2 60. f6 Ra4+ 61. Kf5 Ra5+ 62. Kg4 Ra4+ 63. Kf5 Ra5+ 64. Kg4
Ra4+ {Game drawn by repetition} 1/2-1/2

[Event "ICS rated bullet match"]
[Site "204.178.125.65"]
[Date "2001.08.19"]
[Round "?"]
[White "Hossa"]
[Black "Tinker"]
[Result "0-1"]
[WhiteElo "2419"]
[BlackElo "2547"]
[PlyCount "158"]
[EventDate "2001.??.??"]

1. d4 d5 2. Nf3 Nf6 3. c4 dxc4 4. Nc3 c6 5. a4 Bf5 6. e3 e6 7. Bxc4 Bb4 8. O-O
Nbd7 9. Qb3 a5 10. Na2 Bd6 11. Qxb7 Rb8 12. Qa6 Be4 13. Bd3 Bxf3 14. gxf3 Qc7
15. f4 O-O 16. Bd2 Ra8 17. Qc4 Qb7 18. b4 axb4 19. Nxb4 c5 20. Nc2 Qf3 21. Be2
Qh3 22. f3 Rfc8 23. Na3 cxd4 24. Qxd4 Bc5 25. Qd3 Rxa4 26. Nc4 Rxa1 27. Rxa1
Be7 28. Ra7 Nc5 29. Qa3 Bf8 30. Ne5 Ncd7 31. Qa6 Nxe5 32. Qxc8 Nxf3+ 33. Bxf3
Qxf3 34. Qc1 Qg4+ 35. Kf1 Qh3+ 36. Ke1 Qh4+ 37. Ke2 Qxh2+ 38. Kd3 Qh5 39. Qc6
e5 40. fxe5 Qxe5 41. Ra8 Qf5+ 42. Kd4 Qg4+ 43. Kd3 h5 44. Qc8 Qe4+ 45. Ke2 Nd7
46. Bb4 h4 47. Ba3 Qg2+ 48. Ke1 h3 49. Bd6 h2 50. Bxh2 Qh1+ 51. Ke2 Qxh2+ 52.
Kf1 Qh5 53. Kf2 Qh2+ 54. Kf1 Qh1+ 55. Ke2 Qg2+ 56. Kd3 Nc5+ 57. Kc3 Ne6 58. Qb8
Qd5 59. Ra7 Ng5 60. Kc2 Qc4+ 61. Kb2 Qe2+ 62. Kb3 Qxe3+ 63. Kc2 Nf3 64. Ra8
Nd4+ 65. Kb2 Qf2+ 66. Kc3 Ne6 67. Kd3 Qc5 68. Kd2 Qc4 69. Qb7 Nc7 70. Rd8 Qf4+
71. Kc2 Ne6 72. Rd7 Qf5+ 73. Kc3 Nc5 74. Qh1 Qxd7 75. Qh4 Qd3+ 76. Kb2 Qd2+ 77.
Ka3 Qc3+ 78. Ka2 Qc2+ 79. Ka3 Qb3# {Hossa checkmated} 0-1

[Event "ICS rated blitz match"]
[Site "204.178.125.65"]
[Date "2001.08.19"]
[Round "?"]
[White "Hossa"]
[Black "Tinker"]
[Result "1/2-1/2"]
[WhiteElo "2569"]
[BlackElo "2469"]
[PlyCount "64"]
[EventDate "2001.??.??"]

1. e4 e5 2. Nf3 Nc6 3. Bb5 Na5 4. d4 c6 5. Be2 exd4 6. Qxd4 d5 7. O-O Be6 8.
Ng5 Qf6 9. e5 Qe7 10. Nxe6 Qxe6 11. Nc3 Ne7 12. Rd1 b6 13. Bg4 Qg6 14. Qa4 b5
15. Qxa5 Qxg4 16. Re1 Ng6 17. Qa6 Qd7 18. a4 b4 19. Na2 Bc5 20. Qa5 Qe7 21. Bd2
b3 22. cxb3 Bd4 23. Qa6 O-O 24. Qxc6 Qh4 25. Re2 Bxe5 26. g3 Qh5 27. Rae1 Nh4
28. gxh4 Qg4+ 29. Kh1 Qf3+ 30. Kg1 Qg4+ 31. Kh1 Qf3+ 32. Kg1 Qg4+ {
Game drawn by repetition} 1/2-1/2

[Event "ICS rated blitz match"]
[Site "204.178.125.65"]
[Date "2001.08.19"]
[Round "?"]
[White "ChesterX"]
[Black "Hossa"]
[Result "1-0"]
[WhiteElo "2783"]
[BlackElo "2565"]
[PlyCount "128"]
[EventDate "2001.??.??"]

1. d4 Nf6 2. Nf3 e6 3. c4 Bb4+ 4. Bd2 Qe7 5. Nc3 Bxc3 6. Bxc3 Ne4 7. Qc2 Nxc3
8. Qxc3 O-O 9. e4 d5 10. Bd3 dxe4 11. Bxe4 Nd7 12. O-O Rd8 13. Ne5 Qh4 14. Rae1
Nxe5 15. dxe5 c6 16. Rd1 Bd7 17. Rfe1 Be8 18. Rd6 Rd7 19. Rxd7 Bxd7 20. Qb4 b6
21. Qa4 a6 22. g3 Qg5 23. Bxc6 Qd2 24. Rf1 Bxc6 25. Qxc6 Qd8 26. Qd6 Qc8 27.
Rd1 h6 28. Rd4 Qb7 29. Qb4 Rc8 30. b3 Qa7 31. a4 Qc7 32. Rd6 Rb8 33. Qd2 Kf8
34. Qd4 Ke8 35. b4 a5 36. b5 h5 37. Qe4 Ke7 38. Rc6 Qa7 39. Qh4+ Kf8 40. Qxh5
Kg8 41. Qd1 g6 42. Qd6 Kg7 43. Rc7 Qa8 44. Qxe6 Qf3 45. Qd5 Qxd5 46. cxd5 Kf8
47. d6 Re8 48. f3 g5 49. f4 gxf4 50. gxf4 Rb8 51. f5 Rd8 52. Rc6 Kg7 53. Rxb6
Rg8 54. d7 f6 55. Rxf6 Rd8 56. Rg6+ Kf8 57. e6 Ke7 58. Rg7+ Kd6 59. e7 Kxd7 60.
exd8=Q+ Kxd8 61. b6 Kc8 62. f6 Kb8 63. Rc7 Ka8 64. f7 Kb8 {Hossa resigns} 1-0

[Event "ICS rated blitz match"]
[Site "204.178.125.65"]
[Date "2001.08.19"]
[Round "?"]
[White "Hossa"]
[Black "ChesterX"]
[Result "0-1"]
[WhiteElo "2558"]
[BlackElo "2790"]
[PlyCount "89"]
[EventDate "2001.??.??"]

1. c4 e6 2. Nc3 Nf6 3. Nf3 Bb4 4. d4 d5 5. e3 O-O 6. a3 Be7 7. c5 b6 8. cxb6
axb6 9. Bd2 Bb7 10. Bd3 c5 11. dxc5 bxc5 12. O-O Nbd7 13. Qe2 e5 14. Ng5 h6 15.
Nh3 e4 16. Bc2 Ba6 17. Nb5 d4 18. exd4 cxd4 19. a4 Nc5 20. Qc4 d3 21. Bb3 Qd7
22. Bc3 Rac8 23. Bxf6 Bxf6 24. Rfb1 Nxb3 25. Qxb3 Rb8 26. Qb4 Rfe8 27. Qd2 Bxb5
28. axb5 Rxb5 29. Ra2 Reb8 30. Qf4 Qd4 31. Re1 Rxb2 32. Rxb2 Rxb2 33. Qg4 Re2
34. Rf1 Qc3 35. g3 Re1 36. Rxe1 Qxe1+ 37. Kg2 Qc1 38. Nf4 d2 39. Nd5 Bg5 40.
Qxe4 d1=Q 41. Qe8+ Kh7 42. Ne3 Qh1+ 43. Kh3 Qcg1 44. Kg4 f5+ 45. Kxf5 {
Hossa resigns} 0-1

[Event "ICS rated blitz match"]
[Site "204.178.125.65"]
[Date "2001.08.19"]
[Round "?"]
[White "Tinker"]
[Black "Hossa"]
[Result "0-1"]
[WhiteElo "2473"]
[BlackElo "2551"]
[PlyCount "108"]
[EventDate "2001.??.??"]

1. e4 e5 2. Nf3 Nc6 3. Bb5 Na5 4. d4 c6 5. Be2 exd4 6. Qxd4 d5 7. exd5 cxd5 8.
Bb5+ Nc6 9. O-O Nf6 10. Bxc6+ bxc6 11. Re1+ Be7 12. Qe5 Kf8 13. Bg5 h6 14. Bh4
Bg4 15. Nd4 Bd6 16. Qe3 Bd7 17. Qf3 Rb8 18. Nb3 Rb4 19. Bxf6 Qxf6 20. Qxf6 gxf6
21. N1d2 Rg8 22. Re2 c5 23. Nf1 Bg4 24. Rd2 Be6 25. Ng3 Rb6 26. c3 Ra6 27. Nh5
d4 28. Re1 Rxa2 29. Nc1 Ra5 30. Nxf6 Rg6 31. Ne4 Bf4 32. Rdd1 Bg4 33. Ne2 Bxe2
34. Rxe2 d3 35. Ree1 c4 36. Nd2 Bxd2 37. Rxd2 Ra2 38. Rb1 Rb6 39. f4 a5 40. Kf2
a4 41. Kf3 Rb3 42. Rdd1 Raxb2 43. Rxb2 Rxb2 44. Ra1 Rb3 45. Rxa4 Rxc3 46. Ra8+
Kg7 47. Ke3 Rc2 48. Rd8 Rxg2 49. Rd5 Rxh2 50. Kd4 Rc2 51. Ke3 d2 52. Rxd2 Rxd2
53. Kxd2 c3+ 54. Kxc3 Kg6 {Tinker resigns} 0-1

[Event "ICS rated blitz match"]
[Site "204.178.125.65"]
[Date "2001.08.19"]
[Round "?"]
[White "ChesterX"]
[Black "Hossa"]
[Result "1-0"]
[WhiteElo "2780"]
[BlackElo "2566"]
[PlyCount "60"]
[EventDate "2001.??.??"]

1. d4 Nf6 2. c4 e6 3. Nf3 b6 4. g3 Ba6 5. Nbd2 Bb4 6. Qc2 c5 7. Bg2 Nc6 8. dxc5
Bxc5 9. a3 Bb7 10. b4 Bd4 11. Rb1 Ng4 12. O-O Bxf2+ 13. Rxf2 Nxf2 14. Kxf2 d5
15. c5 Qf6 16. Bb2 e5 17. b5 Nd4 18. Bxd4 exd4 19. c6 Bc8 20. Qb2 O-O 21. Qxd4
Qe7 22. Qxd5 Qxa3 23. Nc4 Qa2 24. Qe4 Bf5 25. Qxf5 Qxc4 26. Ng5 g6 27. Qf4 Qa2
28. Rd1 Qa3 29. Ne4 Kh8 30. Qf6+ Kg8 {Hossa resigns} 1-0

[Event "ICS rated blitz match"]
[Site "204.178.125.65"]
[Date "2001.08.19"]
[Round "?"]
[White "Hossa"]
[Black "Tinker"]
[Result "1/2-1/2"]
[WhiteElo "2539"]
[BlackElo "2487"]
[PlyCount "58"]
[EventDate "2001.??.??"]

1. d4 Nf6 2. c4 e6 3. Nf3 d5 4. Nc3 Be7 5. Bf4 c5 6. cxd5 Nxd5 7. Nxd5 exd5 8.
dxc5 Bxc5 9. e3 O-O 10. Bd3 Bb4+ 11. Nd2 Qh4 12. O-O Bxd2 13. Qxd2 Nc6 14. Bg3
Qf6 15. Rfd1 Kh8 16. Bc2 Qxb2 17. Rdb1 Qa3 18. Rb3 Qe7 19. Qxd5 Be6 20. Qd3 f5
21. Rb5 Qf6 22. Re1 Rfd8 23. Qe2 Rd7 24. Rd1 Rad8 25. Rxd7 Rxd7 26. Rc5 Qf8 27.
Rb5 Qf6 28. Rc5 Qf8 29. Rb5 Qf6 {Game drawn by repetition} 1/2-1/2

[Event "ICS rated blitz match"]
[Site "204.178.125.65"]
[Date "2001.08.19"]
[Round "?"]
[White "Hossa"]
[Black "MrPeabody"]
[Result "0-1"]
[WhiteElo "2537"]
[BlackElo "2698"]
[PlyCount "81"]
[EventDate "2001.??.??"]

1. e4 g6 2. Nc3 Bg7 3. h4 Nc6 4. Nf3 Nf6 5. Bb5 O-O 6. e5 Ng4 7. d4 d6 8. exd6
Qxd6 9. Bxc6 Qxc6 10. h5 Bf5 11. hxg6 hxg6 12. Be3 Qb6 13. b3 Nxe3 14. fxe3 e5
15. Qd2 exd4 16. exd4 Rae8+ 17. Kf2 Qd6 18. Nb5 Qd7 19. c4 c6 20. Nc3 Bg4 21.
Rad1 Re7 22. Qg5 Bxf3 23. Kxf3 Qd8 24. Qh4 Rfe8 25. Rd3 Qa5 26. c5 b6 27. Na4
Re2 28. Qh3 Rd2 29. Re3 Rxe3+ 30. Kxe3 Bxd4+ 31. Kf4 Qa6 32. cxb6 Rf2+ 33. Ke4
Qe2+ 34. Kxd4 Qd2+ 35. Qd3 Rf4+ 36. Kc5 Qxd3 37. bxa7 Qd5+ 38. Kb6 Rb4+ 39. Kc7
Qe5+ 40. Kc8 Qe8+ 41. Kc7 {Hossa resigns} 0-1

[Event "ICS Rated blitz match"]
[Site "204.178.125.65"]
[Date "2001.08.19"]
[Round "?"]
[White "Tinker"]
[Black "Hossa"]
[Result "0-1"]
[WhiteElo "2489"]
[BlackElo "2528"]
[PlyCount "78"]
[EventDate "2001.??.??"]

1. e4 e5 2. Nf3 Nc6 3. Bb5 Na5 4. d4 c6 5. Be2 exd4 6. Qxd4 d5 7. b4 Nc4 8.
Bxc4 dxc4 9. Qxd8+ Kxd8 10. O-O Bxb4 11. Bb2 Nf6 12. c3 Bc5 13. e5 Ne4 14. Nbd2
Nxd2 15. Nxd2 Be6 16. Ne4 Be7 17. Bc1 Kc7 18. Bf4 Rad8 19. Nd6 Rhg8 20. Rab1 b5
21. h3 h5 22. Nxf7 Bxf7 23. e6+ Kb7 24. exf7 Rgf8 25. a4 Rxf7 26. Rfe1 a6 27.
Rxe7+ Rxe7 28. Bg5 Red7 29. Bxd8 Rxd8 30. axb5 cxb5 31. Re1 Rd3 32. Re7+ Kb6
33. Rxg7 Rxc3 34. Re7 Rc1+ 35. Kh2 c3 36. Re6+ Kc5 37. Rxa6 c2 38. Ra7 Kb6 39.
Ra8 Rf1 {Tinker resigns} 0-1

[Event "ICS rated blitz match"]
[Site "204.178.125.65"]
[Date "2001.08.19"]
[Round "?"]
[White "Hossa"]
[Black "Tinker"]
[Result "1-0"]
[WhiteElo "2566"]
[BlackElo "2475"]
[PlyCount "95"]
[EventDate "2001.??.??"]

1. d4 Nf6 2. c4 e6 3. Nf3 d5 4. Nc3 c6 5. e3 Nbd7 6. Qc2 Bd6 7. b3 O-O 8. Be2
e5 9. cxd5 cxd5 10. Nb5 Bb4+ 11. Bd2 Bxd2+ 12. Nxd2 a6 13. Nc7 Ra7 14. dxe5
Nxe5 15. Rc1 b6 16. Nf3 Nxf3+ 17. Bxf3 Bb7 18. O-O Qd7 19. Qc3 Rd8 20. Rfd1 Rc8
21. Qe5 Ba8 22. Nxd5 Bxd5 23. Bxd5 Re8 24. Qd4 Nxd5 25. Qxd5 Qxd5 26. Rxd5 f6
27. Rd6 b5 28. Kf1 Kf7 29. Rcc6 a5 30. Ra6 Ree7 31. Ke2 a4 32. Rxa7 Rxa7 33. b4
Rc7 34. Kd2 Ke8 35. Rb6 Rd7+ 36. Ke2 Rd5 37. Rb7 Rg5 38. g3 Kd8 39. h4 Kc8 40.
hxg5 Kxb7 41. gxf6 gxf6 42. Kf3 Kc6 43. Ke4 h6 44. Kf5 Kd6 45. Kxf6 Kd5 46. f4
Kc4 47. e4 Kxb4 48. e5 {Tinker resigns} 1-0

[Event "ICS rated blitz match"]
[Site "204.178.125.65"]
[Date "2001.08.19"]
[Round "?"]
[White "ChesterX"]
[Black "Hossa"]
[Result "1-0"]
[WhiteElo "2806"]
[BlackElo "2578"]
[PlyCount "62"]
[EventDate "2001.??.??"]

1. d4 Nf6 2. c4 e6 3. Nf3 b6 4. Nc3 Bb7 5. a3 Be7 6. d5 exd5 7. cxd5 O-O 8. e4
Re8 9. Bd3 c6 10. dxc6 Nxc6 11. O-O Rc8 12. e5 Ng4 13. Qe2 Bf6 14. Qe4 Ncxe5
15. Qxh7+ Kf8 16. Nxe5 Bxe5 17. Qh8+ Ke7 18. Qh4+ Nf6 19. Bg5 Bc6 20. Rfe1 Kd6
21. Rxe5 Rxe5 22. Bf4 Kc7 23. Bxe5+ Kb7 24. Qg3 Qe7 25. Bd4 Nh5 26. Qg4 Rh8 27.
Nb5 d6 28. Rc1 a6 29. Na7 Bf3 30. Qxf3+ d5 31. Qxd5+ Kxa7 {Hossa resigns} 1-0